01575nam a22002057a 4500003000900000005001700009008004100026040002800067100004700095245028900142260003500431300002200466502021400488504005300702505033600755700005301091700003901144700004401183830014201227DO-SdBJH20230705181649.0230705b |||||||| |||| 00| 0 spa d aDO-SdBJHbspacDO-SdBJH1 aJiménez Gómez, Alexander esustentante10aParticipación política de las Fuerzas Armadas en América Latina y su impacto en la democracia. Caso de estudio: República Dominicana 2015-2020 / c Alexander Jiménez Gómez, Richard Efreén Pichardo paulino, asesores Rudyard Fernández Abud, Rocío C. Santana González aSanto Domingo :bINSUDE,c2021 aiii, 86 páginas aTesis (Especialidad en Comando y Estado Mayor Conjunto). -- Instituto Superior para la Defensa (INSUDE). Escuela de Graduados en Comando y Estado Mayor “General de División Gregorio Luperón”, 2021. aIncluye referencias bibliográficas e índices aAntecedentes de las Fuerzas Armadas Latinoamericanas. -- Incidencia de las Fuerzas Armadas en la democracia de América Latina. -- Participación política de las Fuerzas Armadas en América Latina. -- Impacto de la participación política de las Fuerzas Armadas de República Dominicana en la democracia, periodo 2015-20201 aPichardo paulino, Richard Efreén esustentante1 aFernández Abud, Rudyard easesor1 aSantana González, Rocío C. easesor aINSUDE. Escuela de Graduados en Comando y Estado Mayor “General de División Gregorio Luperón”. Tesis y disertaciones académicas